Making sense of multivariate data analysis. (Record no. 5164)

MARC details
000 -LEADER
fixed length control field 00637nam a22002172 4500
001 - CONTROL NUMBER
control field 0000001263
005 - DATE AND TIME OF LATEST TRANSACTION
control field 20151217151811.0
008 - FIXED-LENGTH DATA ELEMENTS--GENERAL INFORMATION
fixed length control field 070228s xx 000 0 eng d
020 ## - INTERNATIONAL STANDARD BOOK NUMBER
International Standard Book Number 1412904013 :
Terms of availability KES 2,800
040 ## - CATALOGING SOURCE
Original cataloging agency KABU
Transcribing agency KABU
050 #0 - LIBRARY OF CONGRESS CALL NUMBER
Classification number HA29
Item number .S65
100 1# - MAIN ENTRY--PERSONAL NAME
Personal name Spicer, John.
-- 0000149890
245 10 - TITLE STATEMENT
Title Making sense of multivariate data analysis.
260 ## - PUBLICATION, DISTRIBUTION, ETC. (IMPRINT)
Place of publication, distribution, etc. London :
Name of publisher, distributor, etc. Sage,
Date of publication, distribution, etc. 2005.
300 ## - PHYSICAL DESCRIPTION
Extent xvii, 233 p.
650 #0 - SUBJECT ADDED ENTRY--TOPICAL TERM
Topical term or geographic name as entry element Social sciences
General subdivision Statistical methods.
-- 0000148274
650 #0 - SUBJECT ADDED ENTRY--TOPICAL TERM
Topical term or geographic name as entry element Multivariate analysis.
-- 0000149891
908 ## - PUT COMMAND PARAMETER (RLIN)
Put command parameter 070228
950 ## - LOCAL HOLDINGS (RLIN)
-- 1
Holdings
Withdrawn status Lost status Source of classification or shelving scheme Not for loan Home library Current library Date acquired Total Checkouts Total Renewals Full call number Barcode Date last seen Date last checked out Price effective from Koha item type
    Library of Congress Classification   Kabarak, Main Campus Kabarak, Main Campus 17/12/2015 1 1 HA29 .S65 000586 04/06/2025 26/05/2025 17/12/2015 General Collection
Designed with assistance from East African Informatics Ltd